000 00455nam a2200169Ia 4500
003 GCL
008 140319s9999 xx 000 0 eng d
040 _aGCL /
_cGCL
082 0 4 _a004.2
_bS F
100 1 _aSCHEURER, THIERRY
245 1 0 _aTHE FOUNDATIONS OF COMPUTING /
_cSCHEURER, THIERRY
260 _a[S.N] :
_bADDISON - WESLEY PUBLISHING COMPANY
650 0 4 _aSYSTEM DESIGN
650 0 4 _aSET THEORY
650 0 4 _aLOGIC, SYMBOLIC
942 _2ddc
_cBK
999 _c11366
_d11366